| 000 | 01243nab a22002417a 4500 | ||
|---|---|---|---|
| 999 |
_c6430 _d6430 |
||
| 003 | OSt | ||
| 005 | 20260202205959.0 | ||
| 008 | 190506c xxu||||| |||| 00| 0 spa d | ||
| 040 | _cPJ | ||
| 100 |
_97058 _aCamaño, Sandra |
||
| 245 | 1 | 0 |
_aConflictos del encuadramiento sindical / _cSandra Camaño, Verónica Calarco. |
| 260 |
_aBuenos Aires : _bAbeledoPerrot, _c2023. |
||
| 300 | _ap. 43-47 | ||
| 500 | _aCita: TR LALEY AR/DOC/649/2023 | ||
| 505 | _aSumario: I. Introducción.— II. Algunas de las causas que obstaculizan el encuadramiento sindical.— III. Criterios sentados en la actualidad.— IV. ¿Cuál es el procedimiento para resolver conflictos sindicales?— V. En búsqueda de criterios apropiados para resolver el conflicto.— VI. Consideraciones finales.— VII. Bibliografía complementaria. | ||
| 505 | _t¿Te interesa el texto completo? Comunicate al correo: koha@justierradelfuego.gov.ar | ||
| 650 | 0 |
_91316 _aDERECHO LABORAL |
|
| 650 | 0 |
_91367 _aASOCIACIONES SINDICALES |
|
| 650 | 0 |
_91354 _aCONVENIOS COLECTIVOS DE TRABAJO |
|
| 700 |
_97059 _aCalarco, Verónica |
||
| 773 | 0 |
_02751 _93202 _dBuenos Aires : AbeledoPerrot, 2013- _tRevista de derecho laboral y seguridad social. Nº 9 - Mayo 2023 |
|
| 942 |
_2udc _cANA |
||